000 00602nam a22001937a 4500
999 _c170227
_d170227
005 20191212122728.0
010 _aA-645228
020 _c50.00
_a-
035 _aA-645228
037 _bBPPD
082 _a270.1
100 _aعبد اللہ عبا س ند و ی
245 _aنگا ر شا ت
_cعبد اللہ عبا س ند و ی
246 _aNigarshat (Urdu)
_bby Abdulah Abbas Nidvi
260 _aN.Delhi
_c1994 ء
_bMajlis Ilmi,
270 _aB-121,Zakir Bagh,Okhla Road,
_bN.Delhi
_k-
_e110025
300 _a320 ص
_c22 cm(hb)
942 _2ddc
_cUR
_h270.1
_mع ب د